| 000 | 00419nam a2200169 4500 | ||
|---|---|---|---|
| 001 | 22597 | ||
| 005 | 20230410143322.0 | ||
| 008 | 060907n2003 dr spa | ||
| 020 | _a7801485416 | ||
| 035 | _9funglode22760 | ||
| 041 | _aES | ||
| 050 | 1 | 4 | _aYSL |
| 245 | 0 |
_aChina : _bhechos y cifras 2003 |
|
| 260 |
_a[s.l.] : _bEditorial Nueva Estrella, _c2003 |
||
| 300 | _a128 p. + 1 CD ROM | ||
| 942 |
_2lcc _cbk |
||
| 999 |
_c99446 _d99446 |
||